000
00324nam a2200133Ia 4500
008
231129s2002||||xx |||||||||||||| ||spa||
020
_a
10/5/59
040
_b
spa
082
_a
306 M671
245
0
_a
Miradas anglosajonas al debate sobre la nacion
260
_c
2002
264
_a
Ministerio de Cultura
942
_2
ddc
_c
BKS
999
_c
21240
_d
21240